Nguyễn Công Hoan toàn tập Tiểu thuyết T.7 Phần II

Đã lưu trong:
Chi tiết về thư mục
Tác giả chính: Nguyễn Công Hoan
Tác giả khác: Lê Minh (s.t., b.s.)
Định dạng: Sách
Ngôn ngữ:Vietnamese
Được phát hành: H. Văn học 2004
Những chủ đề:
Các nhãn: Thêm thẻ
Không có thẻ, Là người đầu tiên thẻ bản ghi này!
Thư viện lưu trữ: Mạng thư viện Đại học Đà Nẵng
LEADER 01253nam a2200361 4500
001 000005608
003 1753
005 20120511080559.0
008 110817s2004 viesd
020 |c 0đ 
041 0 |a vie 
082 |a 895.9223  |b NG-H 
100 0 |a Nguyễn Công Hoan 
245 1 0 |a Nguyễn Công Hoan toàn tập  |b Tiểu thuyết  |c Nguyễn Công Hoan ; Lê Minh sưu tầm, b.s  |n T.7  |p Phần II 
260 |a H.  |b Văn học  |c 2004 
300 |a 840 tr. ; chân dung  |c 21cm 
653 |a Văn học hiện đại 
653 |a Văn học hiện thực phê phán 
653 |a Tiểu thuyết 
653 |a Tiểu thuyết 
700 |a Lê Minh  |e s.t., b.s. 
773 |t Nguyễn Công Hoan toàn tập  |w 1738 
910 |a Huỳnh Thị Cẩm Lai  |d 17/08/2011 
OWN |a LSP 
AVA |a UDN50  |b LSP  |d 895.9223 NG-H  |e available  |t Error 5001 Not defined in file expand_doc_bib_avail.  |f 4  |g 0  |h N  |i 0  |k 1 
999 |a From the UDN01 
AVA |a UDN50  |b LSP  |d 895.9223 NG-H  |e available  |t Error 5001 Not defined in file expand_doc_bib_avail.  |f 4  |g 0  |h N  |i 0  |k 1 
TYP |a Monograph 
TYP |a Printed language 
980 |a Mạng thư viện Đại học Đà Nẵng